|
|
|
|
| LEADER |
00629nam a22001457a 4500 |
| 020 |
|
|
|a 9781853263514
|
| 082 |
|
|
|a R 503.21
|b DIC
|
| 245 |
|
|
|a Dictionary of science and technology
|
| 260 |
|
|
|a Edinburgh
|b W&R Chambers Ltd.
|c 1988
|
| 300 |
|
|
|a 1008p.
|
| 650 |
|
|
|a Science & technology- Dictionaries
|
| 942 |
|
|
|c BK
|
| 999 |
|
|
|c 42143
|d 42143
|
| 952 |
|
|
|0 0
|1 0
|4 0
|6 R_503_210000000000000_DIC
|7 0
|8 Reference
|9 45788
|a KUCL
|b KUCL
|c Reference
|d 2016-10-07
|l 0
|o R 503.21 DIC
|p 43511
|r 2017-03-09
|w 2016-10-07
|y BK
|
| 952 |
|
|
|0 0
|1 0
|4 0
|6 R_503_210000000000000_DIC
|7 0
|8 Reference
|9 46242
|a KUCL
|b KUCL
|c Reference
|d 2016-11-03
|l 0
|o R503.21 DIC
|p 43872
|r 2017-03-09
|w 2016-11-03
|y BK
|